[Event "Keres Mem Rapid"]
[Site "Tallinn EST"]
[Date "2001.01.07"]
[Round "4"]
[White "Rustemov,A"]
[Black "Polgar,Ju"]
[Result "1/2-1/2"]
[WhiteElo "2534"]
[BlackElo "2656"]

1.d4 Nf6 2.Nf3 g6 3.g3 Bg7 4.Bg2 O-O 5.c4 d6 6.Nc3 Nc6 7.O-O a6 8.b3 Rb8
9.Nd5 Ne8 10.Bb2 b5 11.Rc1 Bd7 12.e4 bxc4 13.Rxc4 e6 14.Ne3 Ne7 15.Re1 f5
16.e5 f4 17.Nf1 Nd5 18.N1d2 Bb5 19.Bh3 Bxc4 20.Bxe6+ Kh8 21.Nxc4 c6 22.Ba3 Nc3
23.Qd3 Nb5 24.Bb2 d5 25.Ncd2 Qe7 26.Bg4 Nbc7 27.h4 fxg3 28.fxg3 Bh6 29.Nb1 Ne6
30.Ba3 c5 31.dxc5 N8g7 32.c6 Qa7+ 33.Kg2 Rf4 34.Bxe6 Nxe6 35.Qxd5 Qf7 36.Nc3 Rg4
37.Re4 Qf5 38.Rxg4 Qxg4 39.Kg1 Qf5 40.Bd6 Rc8 41.Ne4 g5 42.hxg5 Nxg5 43.Nexg5 Bxg5
44.Qc4 Bd8 45.e6 Bb6+ 46.Kg2 h6 47.e7 Kh7 48.g4 Qg6 49.Ne5 Qg7 50.Qe4+ Kg8
51.Qd5+ Kh7 52.Qe4+ Kg8 53.Qd5+ Kh7 54.Qe6 Re8 55.c7 Bxc7 56.Bxc7 Rxe7 57.Qf5+ Kg8
58.Bd6 Re8 59.Kf3 Rd8 60.Qe6+ Kh7 61.Ke4 Qb7+ 62.Qd5 Qg7 63.Qe6 Qb7+ 64.Kf5 Qg7
65.Qe7 Qxe7 66.Bxe7 Rd2 67.a4 a5 68.b4 axb4 69.Bxb4 Rf2+ 70.Ke6 Kg7 71.Be7 Ra2
72.Bf6+ Kf8 73.Be7+  1/2-1/2

[Event "Keres Mem Rapid"]
[Site "Tallinn EST"]
[Date "2001.01.07"]
[Round "6"]
[White "Polgar,Ju"]
[Black "Ehlvest,J"]
[Result "0-1"]
[WhiteElo "2656"]
[BlackElo "2627"]

1.e4 c5 2.Nf3 e6 3.d4 cxd4 4.Nxd4 Nf6 5.Nc3 d6 6.g4 h6 7.g5 hxg5 8.Bxg5 Nc6
9.Qd2 Qb6 10.Nb3 Ne5 11.Be2 Rh3 12.Be3 Rxe3 13.fxe3 Bd7 14.a4 a6 15.Qd4 Qc7
16.a5 Bc6 17.Rf1 Rc8 18.Nd2 Nfd7 19.b4 Be7 20.Ra3 Bf6 21.Kd1 Ng4 22.e5 Ngxe5
23.b5 axb5 24.Bxb5 d5 25.Qa4 Be7 26.Ra2 Ra8 27.Nb3 Nc4 28.Re1 Kf8 29.Bxc6 bxc6
30.Nd4 Ra6 31.Qb3 Nc5 32.Qb1 Qxh2 33.Nce2 Nxe3+ 34.Kc1 Nc4 35.Nf3 Qh6+ 36.Kd1 Bd6
37.Ned4 Ne4 38.Qb3 Ra8 39.a6 Rb8 40.a7 Rxb3 41.cxb3 Nb6 42.Ra6 Na8 43.Rxc6 Bc7
44.Nb5 Qf4 45.Rxe4 Qxf3+ 46.Kc1 Qf1+ 47.Kb2 Qxb5  0-1

[Event "World Cup of Rapid Chess Gp A"]
[Site "Cannes FRA"]
[Date "2001.03.21"]
[Round "1"]
[White "Lautier,J"]
[Black "Polgar,Ju"]
[Result "1/2-1/2"]
[WhiteElo "2658"]
[BlackElo "2676"]

1.d4 Nf6 2.c4 e6 3.Nc3 Bb4 4.e3 b6 5.Ne2 c5 6.a3 Ba5 7.Rb1 Na6 8.Bd2 Bb7
9.Ng3 cxd4 10.exd4 Bxc3 11.bxc3 h5 12.h4 Rc8 13.Qa4 Ra8 14.Bg5 Qc8 15.f3 Nc7
16.Bd3 Bc6 17.Qc2 d5 18.cxd5 Ncxd5 19.O-O Qc7 20.Ne4 Nf4 21.Nxf6+ gxf6 22.Bxf6 Nh3+
23.gxh3 Rg8+ 24.Kh1 Qg3 25.Be4 Bxe4 26.fxe4 Qxh3+ 27.Qh2 Qd3 28.Bg5 f6 29.Qf4 Qh3+
30.Qh2 Qxh2+ 31.Kxh2 fxg5 32.Rf6 Ke7 33.Rbf1 gxh4 34.Rf7+ Kd6 35.c4 Rg4 36.e5+ Kc6
37.R1f6 Re8 38.d5+ Kc5 39.Rxe6 Reg8 40.Rf2 Kxc4 41.d6 R4g7 42.Rh6 Kd5 43.Rd2+ Kxe5
44.d7 Rd8 45.Rxh5+ Ke4 46.Rhd5 h3 47.R2d4+ Ke3 48.Rd3+ Ke4 49.R3d4+ Ke3 50.Kxh3 Rh8+
51.Rh4 Rd8 52.Rhd4 Rh8+ 53.Rh4 Rd8  1/2-1/2

[Event "World Cup of Rapid Chess Gp A"]
[Site "Cannes FRA"]
[Date "2001.03.21"]
[Round "2"]
[White "Bareev,E"]
[Black "Polgar,Ju"]
[Result "1-0"]
[WhiteElo "2709"]
[BlackElo "2676"]

1.c4 Nf6 2.Nc3 c5 3.g3 Nc6 4.Bg2 d6 5.a3 Bd7 6.b4 cxb4 7.axb4 Nxb4 8.Bxb7 Rb8
9.Bg2 a5 10.Nf3 g6 11.d3 Bg7 12.Bd2 O-O 13.O-O Bc6 14.Qc1 Re8 15.Bh6 Bh8
16.Ra3 Nd7 17.Qd2 Nc5 18.Be3 Qc7 19.Rfa1 Ra8 20.Nd4 Bxg2 21.Kxg2 Reb8 22.f3 Qd7
23.Ndb5 Nb7 24.Bd4 Bxd4 25.Nxd4 d5 26.cxd5 Nxd5 27.Ne4 Rc8 28.Nb3 Rc2 29.Qe1 a4
30.Kg1 f5 31.Nd4 Ne3 32.Qb4 Rac8 33.Nc3 Rd2 34.Nxa4 Nc4 35.e3 Nxe3 36.Nb6 Rg2+
37.Kh1 Rgc2 38.Nxc2 Qc6 39.Nd4 Qc1+ 40.Qe1 Qc5 41.Qxe3 Qxb6 42.Qe6+ Qxe6
43.Nxe6 Kf7 44.Ng5+ Kf6 45.Nxh7+ Ke5 46.Ng5 Kd4 47.Rb1 Nc5 48.Rc1 Kd5  1-0

[Event "World Cup of Rapid Chess Gp A"]
[Site "Cannes FRA"]
[Date "2001.03.22"]
[Round "6"]
[White "Grischuk,A"]
[Black "Polgar,Ju"]
[Result "1-0"]
[WhiteElo "2663"]
[BlackElo "2676"]

1.e4 c5 2.Nf3 d6 3.d4 cxd4 4.Nxd4 Nf6 5.Nc3 a6 6.f3 Qb6 7.Nb3 e6 8.g4 Qc7
9.Be3 b5 10.Qd2 Nbd7 11.g5 Ne5 12.O-O-O Nfd7 13.f4 Nc4 14.Bxc4 Qxc4 15.Qf2 a5
16.Rd4 Qc6 17.a4 b4 18.Nb5 Be7 19.Rhd1 O-O 20.Kb1 Ba6 21.Nxa5 Qb6 22.Nc4 Qb8
23.Nbxd6 b3 24.cxb3 Nc5 25.b4 Nxa4 26.Qd2 Bxc4 27.Rxc4 Rd8 28.e5 Nb6 29.Bxb6 Qxb6
30.Qd4 Qa6 31.b5 Qa2+ 32.Kc2 Bxd6 33.exd6 Rxd6 34.Qc3 Rxd1 35.Kxd1 Rd8+ 36.Ke2 Qa8
37.Rc6 Qa4 38.Qd3 Rb8 39.Qc4 Qa8 40.b6 Qb7 41.Qc5 g6 42.b4 Ra8 43.Kf2 e5
44.Qd5 exf4 45.Rxg6+ hxg6 46.Qxb7 Re8 47.Qc6 Re7 48.b7  1-0

[Event "World Cup of Rapid Chess 1/4 Final"]
[Site "Cannes FRA"]
[Date "2001.03.23"]
[Round "1.1"]
[White "Polgar,Ju"]
[Black "Adams,Mi"]
[Result "1/2-1/2"]
[WhiteElo "2676"]
[BlackElo "2746"]

1.e4 e5 2.Nf3 Nf6 3.Nxe5 d6 4.Nf3 Nxe4 5.d4 d5 6.Bd3 Nc6 7.O-O Be7 8.c4 Nb4
9.Be2 O-O 10.Nc3 Bf5 11.a3 Nxc3 12.bxc3 Nc6 13.Re1 dxc4 14.Bxc4 Bd6 15.h3 Qd7
16.Ra2 Na5 17.Bd3 Rae8 18.Rae2 Rxe2 19.Qxe2 Bxd3 20.Qxd3 Re8 21.Rxe8+ Qxe8
22.c4 h6 23.c5 Bf8 24.Qc3 Nc6 25.Bf4 Qd7 26.Qc4 Ne7 27.Ne5 Qd5 28.Qa4 Nf5
29.Nf3 c6 30.Qxa7 Nxd4 31.Nxd4 Qxd4 32.Be3 Qd7 33.Qb8 f6 34.h4 Kf7 35.g3 h5
36.Kh2 Be7 37.Qf4 Bd8 38.Qc4+ Qe6 39.Qb4 Qd7 40.Qb3+ Kg6 41.Bf4 Be7 42.Be3 Bd8
43.a4 Bc7 44.Kg1 Bd8 45.Kf1 Be7 46.Ke2 Bd8 47.f3 Be7 48.Qb1+ Kf7 49.Qb3+ Kf8
50.Qb1 Kf7 51.Qb3+ Kf8 52.Qb1 Kf7 53.Qb3+  1/2-1/2

[Event "World Cup of Rapid Chess 1/2 Final"]
[Site "Cannes FRA"]
[Date "2001.03.24"]
[Round "1.1"]
[White "Polgar,Ju"]
[Black "Bareev,E"]
[Result "0-1"]
[WhiteElo "2676"]
[BlackElo "2709"]

1.e4 e6 2.d4 d5 3.Nc3 Nf6 4.Bg5 dxe4 5.Nxe4 Be7 6.Bxf6 Bxf6 7.Nf3 Nd7 8.Qe2 O-O
9.O-O-O b6 10.h4 Bb7 11.h5 c5 12.h6 g6 13.dxc5 Bxe4 14.Qxe4 Nxc5 15.Qb4 Qc7
16.Be2 b5 17.Kb1 a5 18.Qg4 Na4 19.Nd4 Rfc8 20.Rd2 Nxb2 21.Nxb5 Rab8 22.Kc1 Qe5
23.f4 Qc5 24.Qf3 Nc4 25.Bxc4 Qxc4 26.Nd6 Qxa2 27.Kd1 Qb1+ 28.Ke2 Qxh1  0-1

[Event "World Cup of Rapid Chess 1/2 Final"]
[Site "Cannes FRA"]
[Date "2001.03.24"]
[Round "1.2"]
[White "Bareev,E"]
[Black "Polgar,Ju"]
[Result "1/2-1/2"]
[WhiteElo "2709"]
[BlackElo "2676"]

1.c4 Nf6 2.Nc3 g6 3.g3 Bg7 4.Bg2 O-O 5.d3 e5 6.e4 d6 7.Nge2 c6 8.O-O a6 9.b4 Be6
10.a4 Nh5 11.b5 f5 12.exf5 gxf5 13.bxc6 bxc6 14.f4 Nf6 15.Rb1 Ra7 16.Ba3 Re8
17.Qd2 Rf7 18.Rb2 Qc7 19.Kh1 Nbd7 20.Rfb1 d5 21.Rb7 Qd8 22.cxd5 Nxd5 23.Bd6 Qa5
24.fxe5 Nxe5 25.Bxe5 Bxe5 26.Qg5+ Bg7 27.Rb8 Bc8 28.Nxd5 cxd5 29.h3 h6 30.Qh5 Rd8
31.Nf4 Be5 32.Rxc8 Rxc8 33.Bxd5 Rf8 34.Qg6+ Bg7 35.Bxf7+ Rxf7 36.Rb8+ Rf8
37.Rxf8+ Kxf8 38.Ne6+ Ke7 39.Nxg7  1/2-1/2

[Event "2nd IECC"]
[Site "Ohrid MKD"]
[Date "2001.06.04"]
[Round "4"]
[White "Miroshnichenko,E"]
[Black "Polgar,Ju"]
[Result "0-1"]
[WhiteElo "2520"]
[BlackElo "2678"]

1.e4 c5 2.Nf3 e6 3.d3 Nc6 4.g3 g6 5.Bg5 Qc7 6.Bg2 Bg7 7.Nc3 Nge7 8.O-O a6
9.Qd2 h6 10.Be3 Nd4 11.Ne1 d6 12.Nd1 e5 13.f4 Be6 14.fxe5 dxe5 15.c3 Nef5
16.Qf2 Rc8 17.a4 Nd6 18.a5 O-O 19.Qd2 Kh7 20.c4 f5 21.Nc3 fxe4 22.Rxf8 Rxf8
23.Nxe4 Nxe4 24.Bxe4 Nf5 25.Nc2 Nd6 26.Bg2 Rd8 27.Qe2 e4 28.Bf4 Qd7 29.Re1 exd3
30.Qxd3 Bxc4 31.Qf3 Nf5 32.Qxb7 Qxb7 33.Bxb7 Bxb2 34.g4 Nd6 35.Re7+ Kg8 36.Bc6 Nf7
37.Be4 Bd3 38.Bxd3 Rxd3 39.Re6 g5 40.Bg3 Rd1+ 41.Ne1 Be5 42.Kf2 Bxg3+ 43.hxg3 Rd6
44.Re8+ Kg7 45.Rc8 Rf6+ 46.Ke2 Re6+ 47.Kf1 Ne5 48.Rxc5 Nxg4 49.Nc2 Kg6 50.Nd4 Rd6
51.Rc6 Rf6+ 52.Ke2 h5 53.Re6 Kf7 54.Rxf6+ Nxf6 55.Kf3 Nd7 56.Ke4 Kf6 57.Kd5 Ne5
58.Ke4 Nc4 59.Nb3 Nd6+ 60.Kf3 Nb7 61.Ke4 Ke6 62.Nd4+ Kd6 63.Kf5 Kd5 64.Nc2 h4
65.gxh4 gxh4 66.Kg4 Kc4 67.Ne3+ Kd4 68.Nc2+ Kc4 69.Ne3+ Kc5 70.Kxh4 Nxa5
71.Kg3 Nb3 72.Kf2 a5 73.Ke2 Kd4 74.Nf5+ Kc3 75.Kd1 a4 76.Nd6 Kd3 77.Nb5 Kc4
78.Na3+ Kc3 79.Nb5+ Kb4 80.Nc7 a3 81.Nd5+ Kc4 82.Ne3+ Kc3 83.Nd5+ Kb2 84.Nb4 Nc5
85.Kd2 Kb3 86.Nc2 a2 87.Na1+ Kb2 88.Kd1 Nb3  0-1

[Event "2nd IECC"]
[Site "Ohrid MKD"]
[Date "2001.06.06"]
[Round "6"]
[White "Sturua,Z"]
[Black "Polgar,Ju"]
[Result "1/2-1/2"]
[WhiteElo "2600"]
[BlackElo "2678"]

1.d4 Nf6 2.Nf3 e6 3.c4 b6 4.a3 Bb7 5.Nc3 d5 6.Bg5 Be7 7.Qa4+ Qd7 8.Qxd7+ Nbxd7
9.Nb5 O-O 10.cxd5 Nxd5 11.Nxc7 Bxg5 12.Nxd5 Bxd5 13.Nxg5 Nf6 14.f3 Rac8 15.e4 Bb3
16.Ba6 Rc2 17.O-O h6 18.Nh3 Rd8 19.Rfd1 Rxb2 20.Rdb1 Rxb1+ 21.Rxb1 Ba4 22.Rb4 Bd7
23.Rc4 Ne8 24.Nf4 Kf8 25.Nd3 Ke7 26.Kf2 f6 27.a4 Rb8 28.Nb4 Bxa4 29.d5 Bd7
30.dxe6 Kxe6 31.Ke3 g5 32.Rc1 b5 33.g3 f5 34.Rc5 fxe4 35.fxe4 Rb6 36.h4 gxh4
37.gxh4 Kf7 38.Rc1 Rg6 39.Kd4 Rg4 40.Nd3 Rxh4 41.Ne5+ Ke6 42.Nxd7 Kxd7  1/2-1/2

[Event "2nd IECC"]
[Site "Ohrid MKD"]
[Date "2001.06.13"]
[Round "12"]
[White "Polgar,Ju"]
[Black "Van Wely,L"]
[Result "1/2-1/2"]
[WhiteElo "2678"]
[BlackElo "2670"]

1.e4 e6 2.d4 d5 3.Nc3 dxe4 4.Nxe4 Nd7 5.Nf3 Ngf6 6.Bg5 h6 7.Nxf6+ Nxf6 8.Be3 Bd6
9.Bd3 a6 10.Qe2 b6 11.Ne5 Bb7 12.O-O-O Nd5 13.Be4 Qf6 14.Bf3 Nf4 15.Bxf4  1/2-1/2

[Event "2nd IECC"]
[Site "Ohrid MKD"]
[Date "2001.06.14"]
[Round "13"]
[White "Graf,A"]
[Black "Polgar,Ju"]
[Result "1/2-1/2"]
[WhiteElo "2649"]
[BlackElo "2678"]

1.d4 Nf6 2.c4 e6 3.Nc3 Bb4 4.e3 O-O 5.Bd3 d5 6.Nf3 c5 7.O-O dxc4 8.Bxc4 cxd4
9.exd4 b6 10.Re1 Bb7 11.Bd3 Nbd7 12.a3 Bxc3 13.bxc3 Qc7 14.c4 Rfe8 15.Bb2 Qf4
16.Qd2 Nh5 17.Be2 Rac8 18.Rad1 Red8 19.g3 Qxd2 20.Nxd2 Nhf6 21.f3 Bc6 22.Nf1 Ba4
23.Rc1 b5 24.d5 bxc4 25.dxe6 Nb6 26.Ne3 fxe6 27.Nxc4 Bb5 28.Ne3 Rxc1 29.Bxc1 Bxe2
30.Rxe2 Rd3 31.Kf2 Nfd5 32.Nxd5 exd5 33.Re7 Nc4 34.Rxa7 Rc3 35.Bf4 Rxa3 36.Rd7 Ra2+
37.Kg1 Nd2 38.Bxd2  1/2-1/2

[Event "2nd IECC Playoff g/15"]
[Site "Ohrid MKD"]
[Date "2001.06.15"]
[Round "1.1"]
[White "Polgar,Ju"]
[Black "Azmaiparashvili,Z"]
[Result "1/2-1/2"]
[WhiteElo "2678"]
[BlackElo "2670"]

1.e4 e5 2.Nf3 Nc6 3.Bb5 g6 4.O-O Bg7 5.c3 a6 6.Ba4 d6 7.d4 Bd7 8.Be3 Nf6
9.Nbd2 O-O 10.Re1 Qe8 11.Bxc6 Bxc6 12.dxe5 Nxe4 13.Nxe4 Bxe4 14.exd6 cxd6
15.Ng5 Bf5 16.Qxd6 Qb5 17.Qb6 Qxb6 18.Bxb6 Rac8 19.Rad1 Rfe8 20.h3 Rxe1+
21.Rxe1 Rc6 22.Re8+ Bf8 23.Bd4 Rc8 24.Re1 Bd7 25.f3 Rc6 26.Kf2 f6 27.Ne4 Kf7
28.g4 Be7 29.Nd2 f5 30.Kg3 Re6 31.Rxe6 Bxe6 32.b3 Bd6+ 33.Kf2 h5 34.gxh5 gxh5
35.c4 Bb4 36.Nb1 f4 37.a3 Bf5 38.axb4 Bxb1 39.Be5 Ba2 40.Bxf4 Bxb3 41.c5 Ke6
42.Ke3  1/2-1/2

[Event "Najdorf Memorial"]
[Site "Buenos Aires ARG"]
[Date "2001.09.04"]
[Round "1"]
[White "Ricardi,P"]
[Black "Polgar,Ju"]
[Result "1/2-1/2"]
[WhiteElo "2545"]
[BlackElo "2686"]

1.e4 c5 2.Nf3 e6 3.d4 cxd4 4.Nxd4 a6 5.Be2 Ne7 6.O-O Nbc6 7.Be3 Ng6 8.c4 d6
9.Nc3 Be7 10.Rc1 O-O 11.Qd2 Bd7 12.Rfd1 Qb8 13.Nxc6 Bxc6 14.b4 Rc8 15.a4 Be8
16.a5 h6 17.g3 d5 18.exd5 Bxb4 19.Qb2 Bxa5 20.Ne4 exd5 21.Rxd5 Bd8 22.Bxh6 gxh6
23.Rxd8 Rxd8 24.Nf6+ Kf8 25.Nh7+ Kg8 26.Nf6+ Kf8 27.Nh7+ Kg8 28.Nf6+  1/2-1/2

[Event "Najdorf Memorial"]
[Site "Buenos Aires ARG"]
[Date "2001.09.07"]
[Round "4"]
[White "Polgar,Ju"]
[Black "Felgaer,R"]
[Result "1/2-1/2"]
[WhiteElo "2686"]
[BlackElo "2471"]

1.e4 c5 2.Nf3 Nc6 3.d4 cxd4 4.Nxd4 g6 5.c4 Bg7 6.Be3 Nf6 7.Nc3 O-O 8.Be2 d6
9.O-O Bd7 10.Qd2 Nxd4 11.Bxd4 Bc6 12.f3 a5 13.b3 Nd7 14.Be3 Nc5 15.Rab1 Qb6
16.Rfc1 Rfc8 17.Bf1 h5 18.Nd5 Bxd5 19.exd5 Qb4 20.Qf2 Re8 21.Rc2 e6 22.Rd1 Rac8
23.g3 Rc7 24.dxe6 Rxe6 25.Bg5 a4 26.Bd2 Qa3 27.Bc1 Qb4 28.Bd2 Qa3 29.Bc1  1/2-1/2

[Event "Najdorf Memorial"]
[Site "Buenos Aires ARG"]
[Date "2001.09.08"]
[Round "5"]
[White "Mecking,H"]
[Black "Polgar,Ju"]
[Result "1/2-1/2"]
[WhiteElo "2552"]
[BlackElo "2686"]

1.d4 Nf6 2.c4 e6 3.Nf3 b6 4.g3 Ba6 5.Qa4 Bb7 6.Bg2 c5 7.O-O cxd4 8.Nxd4 Qc8
9.Nc3 a6 10.Rd1 Bxg2 11.Kxg2 Qb7+ 12.f3 Be7 13.e4 O-O 14.Qc2 Rc8 15.Qe2 Nc6
16.e5 Ne8 17.Nxc6 Qxc6 18.Ne4  1/2-1/2

[Event "Najdorf Memorial"]
[Site "Buenos Aires ARG"]
[Date "2001.09.09"]
[Round "6"]
[White "Polgar,Ju"]
[Black "Korchnoi,V"]
[Result "0-1"]
[WhiteElo "2686"]
[BlackElo "2617"]

1.e4 e6 2.d4 d5 3.Nc3 Nf6 4.Bg5 dxe4 5.Nxe4 Nbd7 6.Nf3 Be7 7.Nxf6+ Bxf6 8.h4 O-O
9.Bd3 c5 10.c3 cxd4 11.cxd4 e5 12.Qc2 h6 13.Bh7+ Kh8 14.O-O-O Qa5 15.Kb1 exd4
16.Bd2 Qc5 17.Bf4 a5 18.Rhe1 Ra6 19.Bd3 Qxc2+ 20.Bxc2 Nc5 21.Ne5 Kg8 22.Bg3 Rd8
23.Nd3 Rc6 24.Re2 Bf5 25.Nxc5 Rxc5 26.Bxf5 Rxf5 27.Kc2 Rc5+ 28.Kd3 a4 29.Rde1 Kh7
30.Re8 Rxe8 31.Rxe8 Rb5 32.Re2 Kg6 33.f3 Rc5 34.Bf2 Rc1 35.Re1 Rxe1 36.Bxe1 Kf5
37.Bf2 Kf4 38.b3 axb3 39.axb3 h5 40.Ke2 Ke5 41.Kd3 Kd5 42.Be1 g6 43.Bf2 Be5
44.Be1 f5 45.Bf2 Kc5 46.Be1 Bh2 47.g3 Bg1 48.Ke2 Be3 49.Kd3 Kd5 50.Ke2 f4
51.gxf4 Bxf4 52.Bf2 g5 53.Kd3 gxh4 54.Bxh4 Be5 55.Bf2 Bf6 56.Bg3 h4 57.Bh2 Be5  0-1

[Event "Najdorf Memorial"]
[Site "Buenos Aires ARG"]
[Date "2001.09.12"]
[Round "8"]
[White "Xie Jun"]
[Black "Polgar,Ju"]
[Result "1/2-1/2"]
[WhiteElo "2553"]
[BlackElo "2686"]

1.e4 c5 2.Nf3 d6 3.d4 cxd4 4.Nxd4 Nf6 5.Nc3 a6 6.Be3 Ng4 7.Bg5 h6 8.Bh4 g5
9.Bg3 Bg7 10.Be2 h5 11.Bxg4 Bxg4 12.f3 Bd7 13.Bf2 Nc6 14.O-O Rb8 15.Qd2 Be5
16.Rad1 Rg8 17.Be3 e6  1/2-1/2

[Event "2 Bundesliga West 2001-2"]
[Site "Emsdetten GER"]
[Date "2002.02.03"]
[Round "5"]
[White "Smagin,S"]
[Black "Polgar,Ju"]
[Result "0-1"]
[WhiteElo "2585"]
[BlackElo "2677"]

1.e4 c5 2.c3 Nf6 3.e5 Nd5 4.d4 cxd4 5.Nf3 e6 6.cxd4 d6 7.Bc4 Nb6 8.Bd3 Bd7
9.O-O Bc6 10.Nc3 N8d7 11.Bb5 Be7 12.Bxc6 bxc6 13.exd6 Bxd6 14.Ne4 Be7 15.Qc2 Qc7
16.Ne5 Nxe5 17.dxe5 Nd5 18.Bg5 Bxg5 19.Nxg5 Qxe5 20.Qxc6+ Ke7 21.Nf3 Qc7
22.Qa4 Rhc8 23.Qh4+ Nf6 24.b3 h6 25.Rfe1 Rab8 26.Rad1 Rb5 27.h3 Kf8 28.Qd4 Rd5
29.Qb4+ Kg8 30.Rxd5 Nxd5 31.Qd2 Qc2 32.Rd1 Qe4 33.Rc1 Rxc1+ 34.Qxc1 Nf4 35.Qe3 Ne2+
36.Kf1 Ng3+ 37.Kg1  0-1

[Event "Eurotel Trophy"]
[Site "Prague CZE"]
[Date "2002.04.28"]
[Round "1.4"]
[White "Polgar,Ju"]
[Black "Ye Jiangchuan"]
[Result "1/2-1/2"]
[WhiteElo "2677"]
[BlackElo "2676"]

1.e4 c5 2.Nf3 e6 3.d4 cxd4 4.Nxd4 a6 5.Bd3 g6 6.c4 Bg7 7.Ne2 Nc6 8.O-O Nf6
9.Nbc3 O-O 10.Bf4 d5 11.exd5 exd5 12.Bg5 dxc4 13.Bxc4 Qa5 14.Bxf6 Bxf6 15.Qb3 Bg7
16.Rad1 Qb4 17.Qxb4 Nxb4 18.a3 Nc6 19.b4 Bf5 20.Nd5 Rae8 21.Ng3 Bg4 22.f3 Bc8
23.Ne4 Rd8 24.Ndf6+ Kh8 25.Ba2 Bf5 26.g4 Bxe4 27.Nxe4 Bb2 28.Rxd8 Rxd8 29.a4 Kg7
30.Rb1 Be5 31.b5 axb5 32.Rxb5 Rd7 33.Rd5 Re7 34.Bc4 h6 35.h4 Bf4 36.Bb5 Ne5
37.Kg2 Rc7 38.Rc5 Re7 39.a5 Nxg4 40.fxg4 Rxe4 41.Rc4 Re5 42.Rxf4 Rxb5 43.Ra4 Rb2+
44.Kg3 Rb3+ 45.Kg2 Kf6 46.a6 bxa6 47.Rxa6+ Ke5 48.Ra5+ Ke4 49.Ra4+ Ke3 50.Ra6 Kf4
51.Ra4+ Ke3 52.Ra6 Rb2+ 53.Kg3 Rb1 54.Rf6 Rb7 55.h5 gxh5 56.gxh5  1/2-1/2

[Event "FIDE GP"]
[Site "Moscow RUS"]
[Date "2002.06.04"]
[Round "4.4"]
[White "Polgar,Ju"]
[Black "Kasimdzhanov,R"]
[Result "1-0"]
[WhiteElo "2677"]
[BlackElo "2674"]

1.e4 e5 2.Nf3 Nf6 3.Nxe5 d6 4.Nf3 Nxe4 5.d4 d5 6.Bd3 Bd6 7.O-O O-O 8.Re1 Bf5
9.c4 c6 10.Qc2 Nd7 11.Nc3 Ndf6 12.c5 Bc7 13.Ne5 Bg6 14.f3 Nxc3 15.Bxg6 fxg6
16.bxc3 Nd7 17.f4 g5 18.fxg5 Nxe5 19.dxe5 Qe7 20.e6 Qxc5+ 21.Kh1 Rae8 22.g3 Rf2
23.Qd3 Qf8 24.Rb1 b5 25.a4 Rf3 26.Qe2 Rf2 27.Qd3 Rxh2+ 28.Kxh2 Qf2+ 29.Kh3 Qxe1
30.axb5 Qxe6+ 31.Kg2 c5 32.Ba3 c4 33.Qf3 Bb6 34.Rd1 Qe2+ 35.Qxe2 Rxe2+ 36.Kh3 Re5
37.Rf1 Re8 38.Kg4 Rd8 39.Kf5 Kf7 40.Rh1 d4 41.cxd4 Rxd4 42.Rxh7 Rd5+ 43.Kg4 Kg6
44.Rh8 Rxg5+ 45.Kf4 Rxb5 46.Rc8 Rf5+ 47.Ke4 Rg5 48.Bd6 Rh5 49.Rxc4 Rh1 50.Be5 Re1+
51.Kd5 Kg5 52.Bxg7 Rd1+ 53.Ke6 Bf2 54.Bf6+ Kg6 55.Rg4+ Kh5 56.Rg8 Bxg3 57.Rg5+ Kh6
58.Rxg3 Re1+ 59.Kf7 Kh5 60.Rg5+ Kh6 61.Rg4 Rh1 62.Rg8  1-0

[Event "FIDE GP"]
[Site "Moscow RUS"]
[Date "2002.06.04"]
[Round "4.1"]
[White "Kasimdzhanov,R"]
[Black "Polgar,Ju"]
[Result "1-0"]
[WhiteElo "2674"]
[BlackElo "2677"]

1.e4 c5 2.Nf3 d6 3.d4 cxd4 4.Nxd4 Nf6 5.Nc3 a6 6.Bg5 e6 7.f4 Qb6 8.Qd2 Qxb2
9.Nb3 Qa3 10.Bxf6 gxf6 11.Be2 Nc6 12.O-O Bg7 13.Rf3 O-O 14.Kh1 Rd8 15.Rg3 d5
16.exd5 f5 17.Rd1 Qf8 18.d6 Kh8 19.Na4 b5 20.Nac5 Ra7 21.Rd3 e5 22.Qe3 exf4
23.Qxf4 Ne5 24.Rd5 Ng6 25.Qf2 Be6 26.R5d2 Raa8 27.Nb7 Be5 28.Nxd8 Rxd8 29.Nc5 Qh6
30.h3 Nf4 31.Qe3 Qg7 32.Bf3 f6 33.Nxe6 Nxe6 34.Qe1 Qg5 35.d7 Qf4 36.Qg1 Ng5
37.Rd3 Kg7 38.Rf1 Qc4 39.Bd5 Qxc2 40.Rfd1 Rxd7 41.h4 Nf7 42.Bb3 Qxd3 43.Rxd3 Rxd3
44.Qa7 Rc3 45.Qxf7+ Kh6 46.Kg1 Rc7 47.Qf8+ Kh5 48.Bd1+ Kxh4 49.Qh6+ Kg3 50.Qh2+  1-0

[Event "FIDE GP"]
[Site "Moscow RUS"]
[Date "2002.06.04"]
[Round "4.5"]
[White "Polgar,Ju"]
[Black "Kasimdzhanov,R"]
[Result "0-1"]
[WhiteElo "2677"]
[BlackElo "2674"]

1.e4 e5 2.d4 exd4 3.Qxd4 Nc6 4.Qe3 Nf6 5.Nc3 Bb4 6.Bd2 O-O 7.O-O-O Re8 8.Qf4 d6
9.f3 Be6 10.g4 Nd7 11.Nh3 Nde5 12.Ng5 Nd4 13.Qg3 Bc4 14.Be3 Bxc3 15.bxc3 Ne2+
16.Bxe2 Bxe2 17.Rde1 Ba6 18.h4 c5 19.h5 Nc4 20.Qf4 f6 21.Nxh7 Kxh7 22.Qf5+ Kh8
23.h6 g5 24.f4 Nxe3 25.Rxe3 gxf4 26.Rf3 Re5 27.Qxf4 Be2 28.Rf2 Bc4 29.Rd2 Qe7
30.Kb2 Re8 31.h7 b5 32.Rh6 b4 33.Rxf6 Rxe4 34.Qg5 bxc3+ 35.Kxc3 Re3+ 36.Rd3 Bxd3
37.cxd3 Qe5+ 38.Qxe5 R3xe5 39.Rxd6 Kxh7  0-1

[Event "FIDE GP"]
[Site "Moscow RUS"]
[Date "2002.06.05"]
[Round "5.2"]
[White "Ponomariov,R"]
[Black "Polgar,Ju"]
[Result "1/2-1/2"]
[WhiteElo "2743"]
[BlackElo "2677"]

1.d4 Nf6 2.c4 e6 3.Nc3 Bb4 4.Qc2 O-O 5.a3 Bxc3+ 6.Qxc3 b6 7.Bg5 Bb7 8.e3 d6
9.f3 Nbd7 10.Nh3 c5 11.dxc5 bxc5 12.Be2 Qb6 13.O-O a5 14.Rfd1 d5 15.Rac1 Ba6
16.Rd2 Rab8 17.Bh4 Rfc8 18.Bf2 a4 19.Nf4 g5 20.Nh3 h6 21.Bg3 Rb7 22.Be5 Nxe5
23.Qxe5 Nd7 24.Qg3 Qa5 25.Rcd1 d4 26.exd4 cxd4 27.Rxd4 Rxb2 28.Rxd7 Rxe2
29.Nf4 Rc2 30.Nh5 R2xc4 31.h3 Rc1 32.Kh2 Rxd1 33.Rxd1 Qf5 34.Qd6 Bb7 35.Qd4 e5
36.Qb6 Bxf3 37.Rd8+ Rxd8 38.Qxd8+ Kh7 39.gxf3 Qxf3 40.Nf6+ Kg7 41.Ng4 Qf4+
42.Kg2 h5 43.Nf2 g4 44.hxg4 hxg4 45.Qh4 Qf3+ 46.Kg1 f5 47.Qe7+ Kg6 48.Qe6+ Kg5
49.Qxe5 Qc6 50.Qe7+ Kg6 51.Qe3 Qc2 52.Nd3 Qb3 53.Kf2 Kf6 54.Qe5+ Kg6 55.Nf4+ Kf7
56.Qxf5+ Ke7 57.Nd5+ Kd6 58.Ne3 Qb2+ 59.Kg3 Qb3 60.Qf8+ Kc6 61.Kf4 g3 62.Nf5 g2
63.Nd4+ Kd5 64.Qd8+ Kc4 65.Nxb3 g1=Q 66.Nd2+ Kc3 67.Ne4+ Kb2 68.Qd3 Qh2+
69.Kf5 Qc2 70.Qxc2+ Kxc2 71.Nc5  1/2-1/2

[Event "ECC"]
[Site "Halkidiki GRE"]
[Date "2002.09.23"]
[Round "2"]
[White "Volkov,S"]
[Black "Polgar,Ju"]
[Result "1/2-1/2"]
[WhiteElo "2636"]
[BlackElo "2681"]

1.d4 Nf6 2.c4 e6 3.Nc3 Bb4 4.f3 d5 5.a3 Bxc3+ 6.bxc3 c5 7.cxd5 Nxd5 8.dxc5 Qa5
9.e4 Ne7 10.Be3 O-O 11.Qb3 Qc7 12.Rb1 Nd7 13.Qc4 Nc6 14.Nh3 b5 15.Qa2 a6
16.c4 e5 17.cxb5 axb5 18.Bxb5 Nd4 19.Bxd4 exd4 20.c6 Ne5 21.O-O Bxh3 22.gxh3 d3
23.Kh1 Rfd8 24.a4 Nxc6 25.Rbc1 Qb6 26.Rxc6 Qxb5 27.Qxf7+ Kxf7 28.axb5 Ra2
29.b6 Re2 30.Rcc1 d2 31.Rb1 Kf6 32.b7 Rb8 33.h4 Ke5 34.h5 Kd4 35.Kg1 Kc3
36.h6 g6 37.Kh1 Kc2 38.Kg1 g5 39.Kh1 Re3 40.Kg2 Rd3 41.Rb5 d1=Q 42.Rc5+ Kd2
43.Rxd1+ Kxd1 44.Rc7 Ke2 45.Rxh7 g4 46.f4 Rh3 47.f5 Ke3 48.f6 Kf4 49.f7 Kxe4
50.f8=Q Rxf8 51.Re7+ Kd4 52.h7 Rh5 53.Rg7 Rb8 54.Rg8  1/2-1/2

[Event "ECC"]
[Site "Halkidiki GRE"]
[Date "2002.09.25"]
[Round "4"]
[White "Marjanovic,S"]
[Black "Polgar,Ju"]
[Result "1/2-1/2"]
[WhiteElo "2485"]
[BlackElo "2681"]

1.e4 c5 2.Nf3 d6 3.d4 cxd4 4.Nxd4 Nf6 5.Nc3 a6 6.Be2 e5 7.Nb3 Be7 8.O-O O-O
9.Bg5 Be6 10.f4 exf4 11.Bxf4 Nc6 12.Kh1 Rc8 13.Qe1 Nd7 14.Rd1 Nde5 15.Nd5 Bg5
16.Bg3 Re8 17.Qf2 Rf8 18.Nb6 Rb8 19.c4 f5 20.Bxe5 Nxe5 21.Nd4 Qxb6 22.Nxe6 Qxf2
23.Rxf2 Be3 24.Rff1 Rfc8 25.exf5 b5 26.cxb5 Rc2 27.Bf3 Rxb5 28.Be4 Rcxb2
29.h3 Kf7 30.Rxd6 R5b4 31.Nd8+ Ke7 32.Re6+ Kxd8 33.Rxe5 Rxa2 34.Bf3 Bd2 35.Rd5+ Ke7
36.Rd1 Rbb2 37.Rd4 Kf6 38.Bd5 Ke5 39.Rd3 Ra5 40.Bg8 Bf4 41.g3 Bh6 42.Re1+ Kxf5
43.Bxh7+ Kg5 44.Rd4 Rb6 45.Rg4+ Kh5 46.Bc2 Bg5 47.Rc4 Rd6 48.h4 Bf6 49.Kg2 Kh6
50.Kh3 Re5 51.Rg4 Rd2 52.Rxe5 Bxe5 53.Rg6+ Kh7 54.Bf5 Kg8 55.Re6 Bf6 56.Bg6 Rd8
57.Rxa6 Kf8 58.g4 Ke7 59.g5 Bd4 60.Ra2 Rd6 61.h5 Rd5 62.Rd2 Rd6 63.Bf5 Kf8
64.Rd1 Rd8 65.Bg6 Kg8 66.Rd3 Bf6 67.Rg3 Be7 68.Bf5 Kf7 69.Bc2 Kg8 70.Bb3+ Kh7
71.Kg4 Rb8 72.Bd5 Rb5 73.Rd3 g6 74.h6 Rb4+ 75.Kf3 Bxg5 76.Be4 Rb6 77.Kg4 Bxh6
78.Rd7+ Bg7 79.Rc7  1/2-1/2

[Event "ECC"]
[Site "Halkidiki GRE"]
[Date "2002.09.26"]
[Round "5"]
[White "Polgar,Ju"]
[Black "Tiviakov,S"]
[Result "1/2-1/2"]
[WhiteElo "2681"]
[BlackElo "2628"]

1.e4 c5 2.Nf3 Nc6 3.d4 cxd4 4.Nxd4 g6 5.c4 Nf6 6.Nc3 d6 7.f3 Nxd4 8.Qxd4 Bg7
9.Be3 O-O 10.Qd2 a5 11.Be2 a4 12.Rc1 Be6 13.Nd5 Nd7 14.O-O Nc5 15.Rfd1 Re8
16.Bd4 Bxd5 17.cxd5 Qa5 18.Rc3 Qb4 19.Bxg7 Kxg7 20.Qc2 Rec8 21.Rc4 Qa5 22.Qc3+ Qxc3
23.Rxc3 a3 24.b3 Na6 25.Rxc8 Rxc8 26.Bxa6 bxa6 27.Rd2 Kf6 28.f4 g5 29.g3 gxf4
30.gxf4 Rc3 31.Kf2 h5 32.Rd4 Rc2+ 33.Kg3 Rxa2 34.Ra4 Re2 35.Kf3 Rxh2 36.Rxa3 Rh3+
37.Kf2 a5 38.Rxa5 Rxb3 39.Ra6 Rb7 40.e5+ Kf5 41.exd6 exd6 42.Rxd6 Kxf4 43.Rd8 Rb2+
44.Ke1 Kf3 45.d6 Re2+ 46.Kf1 Ra2 47.Kg1 h4 48.Rb8 Rd2 49.Rf8 Rxd6  1/2-1/2

[Event "Olympiad"]
[Site "Bled SLO"]
[Date "2002.10.28"]
[Round "3"]
[White "Ftacnik,L"]
[Black "Polgar,Ju"]
[Result "1/2-1/2"]
[WhiteElo "2603"]
[BlackElo "2685"]

1.Nf3 Nf6 2.c4 g6 3.Nc3 Bg7 4.e4 d6 5.d4 O-O 6.Be2 e5 7.O-O Nc6 8.d5 Ne7
9.Nd2 a5 10.Rb1 Bd7 11.b3 Ne8 12.a3 f5 13.b4 axb4 14.axb4 Nf6 15.c5 fxe4
16.Ndxe4 Nf5 17.Bg5 h6 18.Nxf6+ Bxf6 19.Bd2 Bg7 20.Bd3 Qe7 21.Qc1 g5 22.Ne4 Nd4
23.cxd6 cxd6 24.Qc7 Ra3 25.Bc3 Rc8 26.Qxb7 Raxc3 27.Nxc3 Rxc3 28.Be4 Qe8
29.Ra1 Bc8 30.Qb6 Bf8 31.Ra8 Qf7 32.Qd8 Qf4 33.f3 Qe3+ 34.Kh1 Rc1 35.Ra1 Rxf1+
36.Rxf1 Bf5 37.Qe8 Qe2 38.Kg1 Qe3+ 39.Kh1 Qe2 40.Kg1 Qe3+  1/2-1/2